She's Had a Baby : (Record no. 611602)

MARC details
000 -LEADER
fixed length control field 00502nam a2200193 a 4500
008 - FIXED-LENGTH DATA ELEMENTS--GENERAL INFORMATION
fixed length control field 260211s1999##################000#0#eng##
020 ## - INTERNATIONAL STANDARD BOOK NUMBER
ISBN 9780688168230
082 04 - DEWEY DECIMAL CLASSIFICATION NUMBER
Classification number 306.8742
Item number BAR
100 1# - MAIN ENTRY--AUTHOR NAME
Personal name Barron, James D.,
245 10 - TITLE STATEMENT
Title She's Had a Baby :
260 ## - PUBLICATION, DISTRIBUTION, ETC. (IMPRINT)
Name of publisher Harper Collins,
Year of publication 1999.
300 ## - PHYSICAL DESCRIPTION
Number of Pages 180 pages
650 #0 - SUBJECT ADDED ENTRY--TOPICAL TERM
Topical Term Family & Relationships.
942 ## - ADDED ENTRY ELEMENTS (KOHA)
Koha item type English Books
Holdings
Withdrawn status Lost status Damaged status Not for loan Home library Current library Shelving location Date acquired Full call number Accession Number Price effective from Koha item type
        Anna Centenary Library Anna Centenary Library 3RD FLOOR, B WING 11.02.2026 306.8742 BAR 466950 11.02.2026 English Books

Find us on the map